Personality: The psychological study of the individual (Record no. 6437)

000 -LEADER
fixed length control field 00297nam a2200109Ia 4500
008 - FIXED-LENGTH DATA ELEMENTS--GENERAL INFORMATION
fixed length control field 201216s9999 xx 000 0 und d
100 ## - MAIN ENTRY--PERSONAL NAME
Personal name Baughman, E Earl
245 #0 - TITLE STATEMENT
Title Personality: The psychological study of the individual
260 ## - PUBLICATION, DISTRIBUTION, ETC.
Place of publication, distribution, etc. Englewood Cliffs
Name of publisher, distributor, etc. Prentice Hall
300 ## - PHYSICAL DESCRIPTION
Extent 659
942 ## - ADDED ENTRY ELEMENTS (KOHA)
Koha item type Books
Holdings
Withdrawn status Lost status Damaged status Not for loan Permanent Location Date acquired Full call number Barcode Date last seen Price effective from Koha item type
        IMU Kolkata 2020-12-16 155.2 B346 PM01473 2020-12-16 2020-12-16 Books
Designed and Maintained by IMU-KC Library, Kolkata Campus © Copyright All Rights Reserved

webs counters

Powered by Koha